| 000 | 01959cab a2200289 4500 | ||
|---|---|---|---|
| 001 | ABS67442 | ||
| 008 | 040116n2004 000 0 eng u | ||
| 035 | _a(Sirsi) u124859 | ||
| 100 | _aNiven, R. | ||
| 245 | _aFresh thinking on town uses : draft lays down challenges | ||
| 260 | _c2004 | ||
| 490 |
_aPlanning (for the Natural and Built Environment) _v9 January 2004, 15-16(2) |
||
| 520 | _aEvaluates the content of the draft "Planning Policy Statement 6 : planning for town centres" (PPS6) which outlines government commitment to promoting town centre growth. Outlines differences between the existing PPG6 and the draft PPS6. Key proposals in the draft PPS6 include: a pro-active role for planners in promoting town centre growth and regeneration in a sustainable manner; for regional and local authorities to plan growth distribution to avoid over-concentration by larger centres;and the promotion of smaller centres where there are gaps in service provision. Regional spatial strategies will play an important role in helping to identify where growth is going to occur. The relaxation of the sequential test on extension to large stores is also proposed. It is suggested that the proposals outlined in draft PPS6 would increase planning workload. The consultation period closes on 15 March 2004.The draft PPS6 may be viewed at www.odpm.gov.uk. | ||
| 590 | _aABS | ||
| 650 | _aPLANNING POLICY GUIDANCE NOTE SIX | ||
| 650 | _aPLANNING POLICY STATEMENT 6 | ||
| 650 | _aTOWN CENTRES | ||
| 650 | _aRETAIL DEVELOPMENT | ||
| 650 | _aOUT-OF-TOWN SHOPPING CENTRES | ||
| 650 | _aSPATIAL DEVELOPMENT | ||
| 650 | _aGROWTH | ||
| 650 | _aSUSTAINABLE DEVELOPMENT | ||
| 690 | _aENVIRONMENTAL AND LAND CONSULTANCY-PLANNING AND DEVELOPMENT | ||
| 700 | _aStock, G. | ||
| 856 |
_uhttps://www.odpm.gov.uk/stellent/groups/odpm_planning/documents/page/odpm_plan_026232.hcsp _zView the draft planning policy statement on the ODPM website... |
||
| 942 | _n0 | ||
| 999 |
_c74059 _d74059 |
||